书目信息 |
| 题名: |
日本近现代史
|
|
| 作者: | 远山茂树 著 ;邹有恒 译 | |
| 分册: | 第一卷 | |
| 出版信息: | 北京 商务印书馆 1983 |
|
| 页数: | 195页 | |
| 开本: | 21cm | |
| 丛书名: | ||
| 单 册: | ||
| 中图分类: | K313.4 | |
| 科图分类: | ||
| 主题词: | 现代史-日本 , 近代史-日本 | |
| 电子资源: | ||
| ISBN: | ||
| 000 | 00783nam0 2200289 45 | |
| 001 | 0183004111 | |
| 005 | 20040513081945.0 | |
| 010 | @dCNY0.84 | |
| 091 | @a11017.6165 | |
| 100 | @a19950726d1983 em y0chiy0121 ea | |
| 101 | 1 | @achi@cjpn |
| 102 | @aCN@b110000 | |
| 105 | @ay z 000yy | |
| 106 | @ar | |
| 200 | 10 | @a日本近现代史@h第一卷@Ari ben jin xian dai shi@f(日)远山茂树著@g邹有恒译 |
| 210 | @a北京@c商务印书馆@d1983 | |
| 215 | @a195页@d21cm | |
| 606 | @a现代史-日本 | |
| 606 | @a近代史-日本 | |
| 607 | @a日本-现代史 | |
| 607 | @a日本-近代史 | |
| 690 | @aK313.4@v3 | |
| 701 | 0 | @a远山茂树@Ayuan shan mao shu@4著 |
| 702 | 0 | @a邹有恒@Azou you heng@4译 |
| 801 | 0 | @aCN@b上海图书馆@c20040301 |
| 801 | 2 | @aCN@bNLC@c20040301 |
| 905 | @dK313.4@e10:1@f4@b112245-248 | |
| 日本近现代史.第一卷/(日)远山茂树著/邹有恒译.-北京:商务印书馆,1983 |
| 195页;21cm |
| ISBN :CNY0.84 |
| ● |
| 相关链接 |
|
|
|
|
正题名:日本近现代史
索取号:K313.4/10:1
 
预约/预借
| 序号 | 登录号 | 条形码 | 馆藏地/架位号 | 状态 | 备注 |
| 1 | 0112245 | 000358829 | 密集书库/ [索取号:K313.4/10:1] | 在馆 | |
| 2 | 0112246 | 000454751 | 第二借阅区/ [索取号:K313.4/10:1] | 在馆 | |
| 3 | 0112247 | 000358838 | 第二借阅区/ [索取号:K313.4/10:1] | 在馆 | |
| 4 | 0112248 | 000454797 | 密集书库/ [索取号:K313.4/10:1] | 在馆 | |
| 5 | 0112249 | 000454715 | 第二样本阅览室/ [索取号:K313.4/10:1] | 在馆 |